Métodos seleccionados de análisis clínicos /

Guardado en:
Autor Corporativo: Asociación Norteamericana de analistas clínicos.
Formato: Libro
Idioma:Spanish
Publicado: Madrid : Aguilar, 1968.
Etiquetas: Agregar Etiqueta
Sin Etiquetas, Sea el primero en etiquetar este registro!
LEADER 00522nam a22001455a 4500
001 EUN.um031813
003 AR-BaUNS
005 20050623122906.0
008 041125s1968####sp#a##########000#0#spa#d
245 1 0 |a Métodos seleccionados de análisis clínicos /  |c Asociación Norteamericana de analistas clínicos. 
260 |a Madrid :  |b Aguilar,  |c 1968. 
300 |a 4 v. :  |b ilus. ;  |c 18 cm. 
082 0 4 |a 616.07 
110 2 |a Asociación Norteamericana de analistas clínicos. 
859 |a Ar-BaUNS  |b BIB. CENTRAL - Sector C  |h 616.07  |i As57  |p 54232/969  |v v.1